ბათუმის შოთა რუსთაველის სახელმწიფო უნივერსიტეტის ბიბლიოთეკა

Essays. Critical and Miscellaneous (ბიბ.ჩანაწერი № 46644)

000 -LEADER
fixed length control field 00490nam a2200205Ia 4500
001 - CONTROL NUMBER
control field 13484
003 - CONTROL NUMBER IDENTIFIER
control field GE_BSU
008 - FIXED-LENGTH DATA ELEMENTS--GENERAL INFORMATION
fixed length control field 181216s||||||||xx |||||||||||||| ||und||
040 ## - CATALOGING SOURCE
Transcribing agency GE_BSU
080 ## - UNIVERSAL DECIMAL CLASSIFICATION NUMBER
Universal Decimal Classification number 821.111.09
100 ## - MAIN ENTRY--PERSONAL NAME
Personal name Carlyle,Thomas
245 ## - TITLE STATEMENT
Title Essays. Critical and Miscellaneous
245 ## - TITLE STATEMENT
Remainder of title In Seven volumes vol.1
260 ## - PUBLICATION, DISTRIBUTION, ETC.
Place of publication, distribution, etc. London
260 ## - PUBLICATION, DISTRIBUTION, ETC.
Name of publisher, distributor, etc. Chapman and Hall
260 ## - PUBLICATION, DISTRIBUTION, ETC.
Date of publication, distribution, etc. 1972
300 ## - PHYSICAL DESCRIPTION
Extent 300p.17cm.
653 ## - INDEX TERM--UNCONTROLLED
Uncontrolled term Essays. Critical and Miscellaneous
942 ## - ADDED ENTRY ELEMENTS (KOHA)
Koha item type წიგნი
ეგზემპლარები
Withdrawn status Lost status Damaged status Not for loan Date acquired Barcode Date last seen Price effective from Koha item type
        2018-12-17 36939 2018-12-17 2018-12-17 წიგნი